Pies musi wystrzelić /
Kaydedildi:
| Yazar: | |
|---|---|
| Müşterek Yazar: | |
| Diğer Yazarlar: | |
| Materyal Türü: | Kitap |
| Dil: | Lehçe |
| Baskı/Yayın Bilgisi: |
Warszawa :
Świat Książki,
2009.
|
| Etiketler: |
Etiket eklenmemiş, İlk siz ekleyin!
|
MARC
| LEADER | 00000nam a2200000 i 4500 | ||
|---|---|---|---|
| 001 | 9910242926405606 | ||
| 005 | 20260515140228.0 | ||
| 008 | 091202s2009 pl |000 j pol | ||
| 020 | |a 9788324709243 | ||
| 035 | |a 991051420729705066 | ||
| 035 | |a (PL-WaBN)b24474812-48omnis_nlop | ||
| 035 | |a b24474812 | ||
| 035 | |a (OCoLC)751145956 | ||
| 035 | |a xx001479899 | ||
| 035 | |a (PL)b0000002447481 | ||
| 040 | |a WA N |c WA N | ||
| 080 | |a 821.162.1-3 | ||
| 090 | |c 129 |d 128 | ||
| 100 | 1 | |a Hollanek, Adam |d (1922-1998) | |
| 245 | 1 | 0 | |a Pies musi wystrzelić / |c Adam Hollanek ; wybór i wstęp Anna Hollanek. |
| 260 | |a Warszawa : |b Świat Książki, |c 2009. | ||
| 300 | |a 349, [1] s. ; |c 20 cm. | ||
| 500 | |a Publ. klubu Świat Książki nr 6215. | ||
| 700 | 1 | |a Hollanek, Anna |e Wybór | |
| 710 | 2 | |a Świat Książki | |
| 920 | |a 978-83-247-0924-3 : zł 29,90 | ||
| 942 | |c K | ||
| 952 | |0 0 |1 0 |4 0 |6 R__94_000000000000000 |7 0 |9 121 |a RYT |b RYT |d 2026-05-13 |e 1/2014 |g 29.90 |l 0 |o R.94 |p 2000000000947 |r 2026-05-15 14:02:28 |w 2026-05-15 |y BK |z k | ||
| 999 | |c 121 |d 121 | ||